| 000 | 00631nam a2200193Ia 4500 | ||
|---|---|---|---|
| 003 | OSt | ||
| 005 | 20260310092259.0 | ||
| 008 | 220926b |||||||| |||| 00| 0 eng d | ||
| 037 | _cReference | ||
| 040 |
_aRTL _cRTL _beng |
||
| 041 |
_2eng _aeng |
||
| 084 |
_aRxC428:g K7/SC _qRTL |
||
| 100 |
_aField, G. C. _9371179 |
||
| 245 | 0 | _aPlato and his contemporaries: A study in fourth-century life and thought | |
| 260 |
_aNew _bYork Methuen and Co. Ltd. _c1967 |
||
| 300 |
_axi, 242 p. _bIncludes bibliographical reference and index |
||
| 942 |
_hRxC428:g K7/SC _cREF _2CC |
||
| 999 |
_c691408 _d691408 |
||